000 00233 a2200097 4500
001 48364
100 _aSaddique Arshad Gulji
245 _aHadood wa Taghzeerat
260 _aIslamabad
_bIdra Tahqeqat Islami
_c
090 _c31305
_d31305
942 _aNUST-CAE
_cM
_c23676
999 _c283437
_d283437